<?xml version="1.0" encoding="UTF-8"?>
<collection xmlns="http://www.loc.gov/MARC21/slim">
 <record>
  <leader>04186nas a2200745   4500</leader>
  <controlfield tag="001">1/50481</controlfield>
  <controlfield tag="008">091204s19--9999gr  rzp       0   g0gre d</controlfield>
  <datafield tag="022" ind1=" " ind2=" ">
   <subfield code="a">1108-2305</subfield>
  </datafield>
  <datafield tag="035" ind1=" " ind2=" ">
   <subfield code="l">41626</subfield>
  </datafield>
  <datafield tag="040" ind1=" " ind2=" ">
   <subfield code="a">GR-PeUP</subfield>
  </datafield>
  <datafield tag="090" ind1=" " ind2=" ">
   <subfield code="a">Αλφαβητική σειρά</subfield>
  </datafield>
  <datafield tag="245" ind1="0" ind2="0">
   <subfield code="a">Νομισματική πολιτική :</subfield>
   <subfield code="b">ενδιάμεση έκθεση.</subfield>
  </datafield>
  <datafield tag="260" ind1="0" ind2=" ">
   <subfield code="a">Αθήνα :</subfield>
   <subfield code="b">Τράπεζα της Ελλάδος,</subfield>
   <subfield code="c">[19--]</subfield>
  </datafield>
  <datafield tag="300" ind1=" " ind2=" ">
   <subfield code="a">τ. ;</subfield>
   <subfield code="c">30 εκ.</subfield>
  </datafield>
  <datafield tag="310" ind1=" " ind2=" ">
   <subfield code="a">Ετήσιο</subfield>
  </datafield>
  <datafield tag="362" ind1="0" ind2=" ">
   <subfield code="a">Οκτώβριος 2008</subfield>
  </datafield>
  <datafield tag="546" ind1=" " ind2=" ">
   <subfield code="a">Ελληνική</subfield>
  </datafield>
  <datafield tag="650" ind1=" " ind2="4">
   <subfield code="a">Τράπεζες και τραπεζικές εργασίες</subfield>
   <subfield code="v">Περιοδικά.</subfield>
  </datafield>
  <datafield tag="852" ind1=" " ind2=" ">
   <subfield code="a">INST</subfield>
   <subfield code="b">UNIPILB</subfield>
   <subfield code="c">SERIALS</subfield>
   <subfield code="e">20100211</subfield>
   <subfield code="h">Αλφαβητική σειρά</subfield>
   <subfield code="p">66814</subfield>
   <subfield code="q">66814</subfield>
   <subfield code="t">NOLOAN</subfield>
   <subfield code="v">(Έτος)2008:</subfield>
   <subfield code="y">23</subfield>
  </datafield>
  <datafield tag="852" ind1=" " ind2=" ">
   <subfield code="a">INST</subfield>
   <subfield code="b">UNIPILB</subfield>
   <subfield code="c">SERIALS</subfield>
   <subfield code="e">20100211</subfield>
   <subfield code="h">Αλφαβητική σειρά</subfield>
   <subfield code="p">66816</subfield>
   <subfield code="q">66816</subfield>
   <subfield code="t">NOLOAN</subfield>
   <subfield code="v">(Έτος)2009:</subfield>
   <subfield code="y">23</subfield>
  </datafield>
  <datafield tag="852" ind1=" " ind2=" ">
   <subfield code="a">INST</subfield>
   <subfield code="b">UNIPILB</subfield>
   <subfield code="c">SERIALS</subfield>
   <subfield code="e">20100621</subfield>
   <subfield code="h">Αλφαβητική σειρά</subfield>
   <subfield code="p">68584</subfield>
   <subfield code="q">68584</subfield>
   <subfield code="t">NOLOAN</subfield>
   <subfield code="v">(Έτη)2009-2010:</subfield>
   <subfield code="y">23</subfield>
  </datafield>
  <datafield tag="852" ind1=" " ind2=" ">
   <subfield code="a">INST</subfield>
   <subfield code="b">UNIPILB</subfield>
   <subfield code="c">SERIALS</subfield>
   <subfield code="e">20110308</subfield>
   <subfield code="h">Αλφαβητική σειρά</subfield>
   <subfield code="p">71290</subfield>
   <subfield code="q">71290</subfield>
   <subfield code="t">NOLOAN</subfield>
   <subfield code="v">(Έτη)2010-2011:</subfield>
   <subfield code="y">23</subfield>
  </datafield>
  <datafield tag="852" ind1=" " ind2=" ">
   <subfield code="a">INST</subfield>
   <subfield code="b">UNIPILB</subfield>
   <subfield code="c">SERIALS</subfield>
   <subfield code="e">20110418</subfield>
   <subfield code="h">Αλφαβητική σειρά</subfield>
   <subfield code="p">71645</subfield>
   <subfield code="q">71645</subfield>
   <subfield code="t">NOLOAN</subfield>
   <subfield code="v">(Έτος)2005:</subfield>
   <subfield code="y">23</subfield>
  </datafield>
  <datafield tag="852" ind1=" " ind2=" ">
   <subfield code="a">INST</subfield>
   <subfield code="b">UNIPILB</subfield>
   <subfield code="c">SERIALS</subfield>
   <subfield code="e">20120702</subfield>
   <subfield code="h">Αλφαβητική σειρά</subfield>
   <subfield code="p">75879</subfield>
   <subfield code="q">75879</subfield>
   <subfield code="t">NOLOAN</subfield>
   <subfield code="v">(Έτη)2011-2012:</subfield>
   <subfield code="y">23</subfield>
  </datafield>
  <datafield tag="852" ind1=" " ind2=" ">
   <subfield code="a">INST</subfield>
   <subfield code="b">UNIPILB</subfield>
   <subfield code="c">SERIALS</subfield>
   <subfield code="e">20120702</subfield>
   <subfield code="h">Αλφαβητική σειρά</subfield>
   <subfield code="p">75880</subfield>
   <subfield code="q">75880</subfield>
   <subfield code="t">NOLOAN</subfield>
   <subfield code="v">vol.ΕΝΔΙΑΜΕΣΗ ΕΚΘΕΣΗ:(Έτος)2011</subfield>
   <subfield code="y">23</subfield>
  </datafield>
  <datafield tag="852" ind1=" " ind2=" ">
   <subfield code="a">INST</subfield>
   <subfield code="b">UNIPILB</subfield>
   <subfield code="c">SERIALS</subfield>
   <subfield code="e">20130108</subfield>
   <subfield code="h">Αλφαβητική σειρά</subfield>
   <subfield code="p">77438</subfield>
   <subfield code="q">77438</subfield>
   <subfield code="t">NOLOAN</subfield>
   <subfield code="v">vol.ΕΝΔΙΑΜΕΣΗ ΕΚΘΕΣΗ:(Έτος)2012</subfield>
   <subfield code="y">23</subfield>
  </datafield>
  <datafield tag="852" ind1=" " ind2=" ">
   <subfield code="a">INST</subfield>
   <subfield code="b">UNIPILB</subfield>
   <subfield code="c">SERIALS</subfield>
   <subfield code="e">20130611</subfield>
   <subfield code="h">Αλφαβητική σειρά</subfield>
   <subfield code="p">80023</subfield>
   <subfield code="q">80023</subfield>
   <subfield code="t">NOLOAN</subfield>
   <subfield code="v">(Έτη)2012-2013:</subfield>
   <subfield code="y">23</subfield>
  </datafield>
  <datafield tag="852" ind1=" " ind2=" ">
   <subfield code="a">INST</subfield>
   <subfield code="b">UNIPILB</subfield>
   <subfield code="c">SERIALS</subfield>
   <subfield code="e">20140114</subfield>
   <subfield code="h">Αλφαβητική σειρά</subfield>
   <subfield code="p">81852</subfield>
   <subfield code="q">81852</subfield>
   <subfield code="t">NOLOAN</subfield>
   <subfield code="v">vol.ΕΝΔΙΑΜΕΣΗ ΕΚΘΕΣΗ:(Έτος)2013</subfield>
   <subfield code="y">23</subfield>
  </datafield>
  <datafield tag="852" ind1=" " ind2=" ">
   <subfield code="a">INST</subfield>
   <subfield code="b">UNIPILB</subfield>
   <subfield code="c">SERIALS</subfield>
   <subfield code="e">20140623</subfield>
   <subfield code="h">Αλφαβητική σειρά</subfield>
   <subfield code="p">83765</subfield>
   <subfield code="q">83765</subfield>
   <subfield code="t">NOLOAN</subfield>
   <subfield code="v">(Έτη)2013-2014:</subfield>
   <subfield code="y">23</subfield>
  </datafield>
  <datafield tag="852" ind1=" " ind2=" ">
   <subfield code="a">INST</subfield>
   <subfield code="b">UNIPILB</subfield>
   <subfield code="c">SERIALS</subfield>
   <subfield code="e">20150707</subfield>
   <subfield code="h">Αλφαβητική σειρά</subfield>
   <subfield code="p">86718</subfield>
   <subfield code="q">86718</subfield>
   <subfield code="t">NOLOAN</subfield>
   <subfield code="v">(Έτη)2014-2015:</subfield>
   <subfield code="y">23</subfield>
  </datafield>
  <datafield tag="852" ind1=" " ind2=" ">
   <subfield code="a">INST</subfield>
   <subfield code="b">UNIPILB</subfield>
   <subfield code="c">SERIALS</subfield>
   <subfield code="e">20160119</subfield>
   <subfield code="h">Αλφαβητική σειρά</subfield>
   <subfield code="p">87332</subfield>
   <subfield code="q">87332</subfield>
   <subfield code="t">NOLOAN</subfield>
   <subfield code="v">τομ. :</subfield>
   <subfield code="y">23</subfield>
  </datafield>
  <datafield tag="852" ind1=" " ind2=" ">
   <subfield code="a">INST</subfield>
   <subfield code="b">UNIPILB</subfield>
   <subfield code="c">SERIALS</subfield>
   <subfield code="e">20160627</subfield>
   <subfield code="h">Αλφαβητική σειρά</subfield>
   <subfield code="p">88545</subfield>
   <subfield code="q">88545</subfield>
   <subfield code="t">NOLOAN</subfield>
   <subfield code="v">(Έτη)2015-2016:</subfield>
   <subfield code="y">23</subfield>
  </datafield>
  <datafield tag="852" ind1=" " ind2=" ">
   <subfield code="a">INST</subfield>
   <subfield code="b">UNIPILB</subfield>
   <subfield code="c">SERIALS</subfield>
   <subfield code="e">20190128</subfield>
   <subfield code="h">Αλφαβητική σειρά</subfield>
   <subfield code="p">93489</subfield>
   <subfield code="q">93489</subfield>
   <subfield code="t">NOLOAN</subfield>
   <subfield code="v">(Έτος)2018:</subfield>
   <subfield code="y">23</subfield>
  </datafield>
  <datafield tag="900" ind1=" " ind2=" ">
   <subfield code="a">(2020)</subfield>
   <subfield code="b">Αν/μενοISS</subfield>
   <subfield code="c">28/07/2021</subfield>
  </datafield>
  <datafield tag="900" ind1=" " ind2=" ">
   <subfield code="a">(2004)</subfield>
   <subfield code="b">Οφειλόμενο</subfield>
   <subfield code="c">12/02/2010</subfield>
  </datafield>
  <datafield tag="900" ind1=" " ind2=" ">
   <subfield code="a">(2006)</subfield>
   <subfield code="b">Οφειλόμενο</subfield>
   <subfield code="c">12/02/2010</subfield>
  </datafield>
  <datafield tag="900" ind1=" " ind2=" ">
   <subfield code="a">(2007)</subfield>
   <subfield code="b">Οφειλόμενο</subfield>
   <subfield code="c">12/02/2010</subfield>
  </datafield>
  <datafield tag="900" ind1=" " ind2=" ">
   <subfield code="a">(2016)</subfield>
   <subfield code="b">Οφειλόμενο</subfield>
   <subfield code="c">06/12/2017</subfield>
  </datafield>
  <datafield tag="900" ind1=" " ind2=" ">
   <subfield code="a">(2017)</subfield>
   <subfield code="b">Οφειλόμενο</subfield>
   <subfield code="c">17/10/2018</subfield>
  </datafield>
  <datafield tag="900" ind1=" " ind2=" ">
   <subfield code="a">(2019)</subfield>
   <subfield code="b">Αν/μενοISS</subfield>
   <subfield code="c">17/08/2020</subfield>
  </datafield>
  <datafield tag="950" ind1=" " ind2=" ">
   <subfield code="a">01/01/2004</subfield>
   <subfield code="c">ΔΩΡΕΑ ΠΕΡΙΟΔΙΚΩΝ</subfield>
   <subfield code="d">786</subfield>
  </datafield>
  <datafield tag="951" ind1=" " ind2=" ">
   <subfield code="a">ΔΕΚΕΜΒΡΙΟΣ 2019</subfield>
   <subfield code="b">Main run</subfield>
  </datafield>
  <datafield tag="951" ind1=" " ind2=" ">
   <subfield code="a">()</subfield>
   <subfield code="b">Main run</subfield>
  </datafield>
  <datafield tag="951" ind1=" " ind2=" ">
   <subfield code="a">(2005)</subfield>
   <subfield code="b">Main run</subfield>
  </datafield>
  <datafield tag="951" ind1=" " ind2=" ">
   <subfield code="a">(2008) -  (2009)</subfield>
   <subfield code="b">Main run</subfield>
  </datafield>
  <datafield tag="951" ind1=" " ind2=" ">
   <subfield code="a">(2009-2010)</subfield>
   <subfield code="b">Main run</subfield>
  </datafield>
  <datafield tag="951" ind1=" " ind2=" ">
   <subfield code="a">(2010-2011)</subfield>
   <subfield code="b">Main run</subfield>
  </datafield>
  <datafield tag="951" ind1=" " ind2=" ">
   <subfield code="a">(2011-2012)</subfield>
   <subfield code="b">Main run</subfield>
  </datafield>
  <datafield tag="951" ind1=" " ind2=" ">
   <subfield code="a">()</subfield>
   <subfield code="b">Main run</subfield>
  </datafield>
  <datafield tag="951" ind1=" " ind2=" ">
   <subfield code="a">()</subfield>
   <subfield code="b">Main run</subfield>
  </datafield>
  <datafield tag="951" ind1=" " ind2=" ">
   <subfield code="a">ΕΝΔΙΑΜΕΣΗ ΕΚΘΕΣΗ (2011)</subfield>
   <subfield code="b">Main run</subfield>
  </datafield>
  <datafield tag="951" ind1=" " ind2=" ">
   <subfield code="a">ΕΝΔΙΑΜΕΣΗ ΕΚΘΕΣΗ (2012)</subfield>
   <subfield code="b">Main run</subfield>
  </datafield>
  <datafield tag="951" ind1=" " ind2=" ">
   <subfield code="a">(2012-2013)</subfield>
   <subfield code="b">Main run</subfield>
  </datafield>
  <datafield tag="951" ind1=" " ind2=" ">
   <subfield code="a">ΕΝΔΙΑΜΕΣΗ ΕΚΘΕΣΗ (2013)</subfield>
   <subfield code="b">Main run</subfield>
  </datafield>
  <datafield tag="951" ind1=" " ind2=" ">
   <subfield code="a">(2013 - 2014)</subfield>
   <subfield code="b">Main run</subfield>
  </datafield>
  <datafield tag="951" ind1=" " ind2=" ">
   <subfield code="a">(2014-2015)</subfield>
   <subfield code="b">Main run</subfield>
  </datafield>
  <datafield tag="951" ind1=" " ind2=" ">
   <subfield code="a">(ΕΝΔΙΑΜΕΣΗ ΕΚΘΕΣΗ 2015)</subfield>
   <subfield code="b">Main run</subfield>
  </datafield>
  <datafield tag="951" ind1=" " ind2=" ">
   <subfield code="a">(2015-2016)</subfield>
   <subfield code="b">Main run</subfield>
  </datafield>
  <datafield tag="951" ind1=" " ind2=" ">
   <subfield code="a">(ΕΝΔΙΑΜΕΣΗ ΕΚΘΕΣΗ 2016)</subfield>
   <subfield code="b">Main run</subfield>
  </datafield>
  <datafield tag="951" ind1=" " ind2=" ">
   <subfield code="a">ΙΟΥΝΙΟΣ 2017</subfield>
   <subfield code="b">Main run</subfield>
  </datafield>
  <datafield tag="951" ind1=" " ind2=" ">
   <subfield code="a">ΔΕΚΕΜΒΡΙΟΣ 2017</subfield>
   <subfield code="b">Main run</subfield>
  </datafield>
  <datafield tag="951" ind1=" " ind2=" ">
   <subfield code="a">ΙΟΥΛΙΟΣ 2018</subfield>
   <subfield code="b">Main run</subfield>
  </datafield>
  <datafield tag="951" ind1=" " ind2=" ">
   <subfield code="a">ΔΕΚΕΜΒΡΙΟΣ 2018</subfield>
   <subfield code="b">Main run</subfield>
  </datafield>
  <datafield tag="951" ind1=" " ind2=" ">
   <subfield code="a">(2018)</subfield>
   <subfield code="b">Main run</subfield>
  </datafield>
  <datafield tag="951" ind1=" " ind2=" ">
   <subfield code="a">ΙΟΥΛΙΟΣ 2019</subfield>
   <subfield code="b">Main run</subfield>
  </datafield>
 </record>
</collection>
